| Поле | Название | Значение |
| |
Тип записи |
a |
| |
Библиографический уровень |
m |
| 001 |
Контрольный номер |
RU\infra-m\znanium\bibl\2232484 |
| 005 |
Дата корректировки |
20260429142108.8 |
| 008 |
Кодируемые данные |
251118s2025 RU g rus u |
| 020 |
Индекс ISBN |
__ |
| a |
ISBN |
978-5-16-021646-1 |
| 020 |
Индекс ISBN |
__ |
| a |
ISBN |
978-5-16-114432-9 (электр. издание) |
| 040 |
Источник каталогиз. |
__ |
| a |
Служба первич. каталог. |
Общество с ограниченной ответственностью «ЗНАНИУМ» |
| 041 |
Код языка издания |
__ |
| a |
Код языка текста |
rus |
| 044 |
Код страны публикации |
__ |
| a |
Код страны публикации |
RU |
| 080 |
Индекс УДК |
__ |
| a |
Индекс УДК |
739(075.8) |
| 084 |
Индекс другой классификации/Индекс ББК |
__ |
| 2 |
Источник индекса |
rubbk |
| a |
Индекс другой классификации/Индекс ББК |
85.12я73 |
| 084 |
Индекс другой классификации/Индекс ББК |
__ |
| 2 |
Источник индекса |
okso |
| a |
Индекс другой классификации/Индекс ББК |
50.03.03 |
| 084 |
Индекс другой классификации/Индекс ББК |
__ |
| 2 |
Источник индекса |
okso |
| a |
Индекс другой классификации/Индекс ББК |
50.03.04 |
| 084 |
Индекс другой классификации/Индекс ББК |
__ |
| 2 |
Источник индекса |
okso |
| a |
Индекс другой классификации/Индекс ББК |
50.04.03 |
| 084 |
Индекс другой классификации/Индекс ББК |
__ |
| 2 |
Источник индекса |
okso |
| a |
Индекс другой классификации/Индекс ББК |
50.04.04 |
| 084 |
Индекс другой классификации/Индекс ББК |
__ |
| 2 |
Источник индекса |
okso |
| a |
Индекс другой классификации/Индекс ББК |
54.02.02 |
| 100 |
Автор |
__ |
| a |
Автор |
Корсунь В. Н. |
| q |
Полное имя |
Корсунь Виктория Николаевна |
| 245 |
Заглавие |
__ |
| a |
Заглавие |
Ювелирное искусство Древней Руси. Традиции мастерства |
| b |
Продолж. заглавия |
Учебное пособие |
| 250 |
Сведения об издании |
__ |
| a |
Основные сведения об издании |
1 |
| 260 |
Выходные данные |
__ |
| a |
Место издания |
Москва |
| b |
Издательство |
ООО "Научно-издательский центр ИНФРА-М" |
| c |
Дата издания |
2026 |
| 300 |
Физическое описание |
__ |
| a |
Объем |
253 с. |
| 520 |
Аннотация |
__ |
| a |
Аннотация |
Учебное пособие посвящено исследованию культурной традиции и преемственности золотого и серебряного дела Древней Руси в ювелирном искусстве России. Анализируются значения таких понятий как традиция преемственность фольклор исследуются особенности развития ювелирных школ Древней Руси. В работе приведен полный ассортимент древнерусских ювелирных украшений и представлена общая для всех них орнаментальная классификация; отдельно затронута тема кладов их роли в изучении древнего ювелирного искусства а также орнаментов объединенных спецификой солярных знаков. Какие орнаменты Древней Руси образованы на стыке крупных культурных пластов? Чем обусловлено их происхождение и какова их смысловая нагрузка? Помимо ответов на эти вопросы представляется подробный анализ развития ювелирной моды в России с начала XX века. Предназначено для студентов учащихся художественных колледжей а также для широкого круга читателей интересующихся развитием декоративно-прикладного искусства в России. |
| 521 |
Примеч. о цел. назн. |
__ |
| a |
Примеч. о целев. назн. |
ВО - Бакалавриат |
| 650 |
Тематические рубрики |
__ |
| a |
Основная рубрика |
Архитектура. Искусство |
| x |
Основная подрубрика |
История декоративно-прикладного искусства |
| 655 |
Указ. предметных рубрик (устаревшее) |
__ |
| a |
Жанр/ форма (устаревшее) |
Учебное пособие |
| 856 |
Электронный адрес документа |
4_ |
| a |
Имя сервера/домена |
znanium.ru |
| m |
Помощь |
ebs_support@infra-m.ru |
| n |
Местонахождение сервера |
НИЦ ИНФРА-М |
| u |
URL |
https://znanium.ru/catalog/document?id=472722 |
| 856 |
Электронный адрес документа |
48 |
| a |
Имя сервера/домена |
znanium.ru |
| d |
Путь |
/cover/2232 |
| f |
Электронное имя |
2232484.jpg |
| q |
Тип электронного формата |
image/jpeg |
| u |
URL |
https://znanium.ru/cover/2232/2232484.jpg |
| 911 |
|
__ |
| u |
|
0030=https://znanium.ru/catalog/document?id=472722 |